01213cam a22003378a 450000100090000000300040000900500170001300800410003001000170007102000370008802000350012502000350016002000350019502000350023004000130026504200080027805000210028608200150030724500600032226000560038226300090043830000110044749000390045850400510049750501870054865000220073565000180075765000210077565000350079670000440083117317603OSt20180702113633.0120524s2012 enk b 001 0 eng  a 2012020500 a9780415671705 (set : alk. paper) a9780415671712 (1 : alk. paper) a9780415671729 (2 : alk. paper) a9780415671736 (3 : alk. paper) a9780415671743 (4 : alk. paper) aDLCcDLC apcc00aHT361b.G55 201200a307.7622300aGlobal cities /ceditors, Peter J. Taylor ... [et al.]. aAbingdon, Oxon ;aNew York, NY :bRoutledge,c2012. a1211 av. cm.0 aCritical concepts in urban studies aIncludes bibliographical references and index.0 av. 1. Cities in globalization -- v. 2. The business of global cities -- v. 3. Infrastructures for cities in globalization -- v. 4. Planning and governance of cities in globalization. 0aCities and towns. 0aUrbanization. 0aUrban economics. 0aGlobalizationxSocial aspects.1 aTaylor, Peter J.q(Peter James),d1944-